| 000 | 00425nam a2200145 a 4500 | ||
|---|---|---|---|
| 001 | 000029210 | ||
| 005 | 20200930055411.0 | ||
| 008 | 110414s2006 dr 000 0 spa d | ||
| 040 |
_aDO-SdBNP _bspa _cBNPHU |
||
| 245 | 0 | 3 | _aEl tema de la agricultura. |
| 260 |
_aSanto Domingo : _bConsejo Nacional de Agricultura, _c2006. |
||
| 300 |
_a16 p. ; _c21 cm. |
||
| 710 | 2 |
_aSecretarÃa de Estado de Agricultura _916449 |
|
| 049 | _aBNPD | ||
| 999 |
_c28702 _d28702 |
||